|
|
|
|
| LEADER |
00000nab a2200000 ar4500 |
| 001 |
vtls008408902 |
| 003 |
SK-MaSNL |
| 005 |
20260304002625.0 |
| 008 |
051110c2005 xo mr|p|||||||000 b|slo |
| 015 |
|
|
|a SNBRB2005/11
|2 snkbucl
|
| 038 |
|
|
|a SNKBUCL
|
| 040 |
|
|
|a SNKBUCL
|b slo
|c SNKBUCL
|e AACR2
|
| 041 |
0 |
|
|a slo
|
| 044 |
|
|
|a xo
|c SK
|
| 080 |
|
|
|a 811.162.4`373
|2 UDC-MRF-SK2
|
| 080 |
|
|
|a 811.162.4`374.3
|2 UDC-MRF-SK2
|
| 080 |
|
|
|a 81`374.3
|2 UDC-MRF-SK2
|
| 080 |
|
|
|a 81`373
|2 UDC-MRF-SK2
|
| 080 |
|
|
|a 81
|x (437.6)
|2 UDC-MRF-SK2
|
| 100 |
1 |
|
|a Bábiková, Marta
|4 ivr
|4 aut
|9 10805
|
| 245 |
1 |
0 |
|a Jazyk žije s nami a pre nás
|b o pripravovanom Slovníku súčasného slovenského jazyka hovorí doc. PhDr. Slavomír Ondrejovič, CSc....
|c pripravila Marta Bábiková
|
| 300 |
|
|
|b Fotogr.
|
| 630 |
0 |
7 |
|a Slovník súčasného slovenského jazyka
|2 snkbucl
|9 827221
|
| 650 |
0 |
7 |
|a slovenčina
|2 snkbucl
|9 1350
|
| 650 |
0 |
7 |
|a slovenská lingvistika
|y 21. stor.
|2 snkbucl
|9 113417
|
| 650 |
0 |
7 |
|a výkladové slovníky
|2 snkbucl
|9 92468
|
| 700 |
1 |
|
|a Ondrejovič, Slavomír,
|d 1946-
|4 ive
|4 aut
|9 92874
|
| 773 |
0 |
|
|t Knižná revue
|g Roč. XV, č. 16-17 (2005), s. 12
|x 1210-1982
|
| 852 |
|
|
|a SNK
|b KIS3GCP
|
| 999 |
|
|
|c 2542921
|d 2544851
|